Michaels and Another v Harley House (Marylebone) Ltd. (Record no. 60665)
[ view plain ]
| 000 -LEADER | |
|---|---|
| fixed length control field | 00857cam a2200145 4500 |
| 001 - CONTROL NUMBER | |
| control field | ABS60984 |
| 008 - FIXED-LENGTH DATA ELEMENTS--GENERAL INFORMATION | |
| fixed length control field | 000000n1999 000 0 eng u |
| 035 ## - SYSTEM CONTROL NUMBER | |
| System control number | (Sirsi) u101533 |
| 245 ## - TITLE STATEMENT | |
| Title | Michaels and Another v Harley House (Marylebone) Ltd. |
| 260 ## - PUBLICATION, DISTRIBUTION, ETC. | |
| Date of publication, distribution, etc. | 1999 |
| 490 ## - SERIES STATEMENT | |
| Series statement | Weekly Law Reports |
| Volume/sequential designation | [1999] 3 WLR 229-248(20) |
| 520 ## - SUMMARY, ETC. | |
| Summary, etc. | CA 6 November 1998. The landlord, H, was accused of evading duty to offer tenants, M, first refusal on the sale of a block of flats. M served a notice on H seeking information about the transfer. M did not serve a notice requiring H to sell the freehold to them. M brought an action seeking information about the transfer and a declaration that the transfer involved a 'relevant disposal'. Action was dismissed. Tenants appealed. Appeal dismissed. |
| 690 ## - LOCAL SUBJECT ADDED ENTRY--TOPICAL TERM (OCLC, RLIN) | |
| Topical term or geographic name as entry element | LANDLORD AND TENANT-CASE LAW-LEASEHOLD REFORM |
| 942 ## - ADDED ENTRY ELEMENTS (KOHA) | |
| Suppress in OPAC | 0 |
| Withdrawn status | Lost status | Source of classification or shelving scheme | Damaged status | Not for loan | Home library | Current library | Shelving location | Date acquired | Total Checkouts | Full call number | Barcode | Date last seen | Copy number | Price effective from | Koha item type |
|---|---|---|---|---|---|---|---|---|---|---|---|---|---|---|---|
| Dewey Decimal Classification | London | London | Journal article | 05/11/1999 | ABS60984 | 101533-1001 | 06/08/2019 | 1 | 06/08/2019 | Journal article |